Websites by Urban Dictionary Definition Quiz Stats

 Plays Quiz Updated Nov 16, 2018

Challenge
Share
Tweet
Embed
Score 0/12 Timer 05:00
0 Plays Today
Definition Website % Correct
A stalker's dream come true.Facebook.com
95.6%
The yardsale of the Internet.Ebay.com
91.9%
A trivia website that has quizzes in all subjects: sports, geography, television, and more.Sporcle.com
91.3%
A search engine that currently searches 8,058,044,651 web pages. If we look at this figure closely it is clear that it is greater than the number of humans residing on this planet.Google.com
89.6%
Betcha can't watch just one!Youtube.com
88.6%
A stupid site for stupid people with no friends, who think everyone else cares what they're doing at any given time. Twitter.com
83.8%
The action of renting DVDs solely for the purpose of copying them to DVD-Rs.Netflix.com
72.4%
A black market version of Ebay.Craigslist.com
58.1%
Savior of high school students everywhere.Wikipedia.org
54.5%
The suburban dictionary.Dictionary.com
40.1%
A popular photo website mostly used by myspacers for picture editing. Has recently been taken over by unwanted pop up ads.Photobucket.com
28.7%
An online adventure game that turns normal aspiring human beings into brainwashed robots. Runescape.com
19.3%

You're not logged in!

Compare scores with friends on all Sporcle quizzes.
OR
Log In

You Might Also Like...

Show Comments

Extras

Top Quizzes Today


Score Distribution

Your Account Isn't Verified!

In order to create a playlist on Sporcle, you need to verify the email address you used during registration. Go to your Sporcle Settings to finish the process.

Report this User

Report this user for behavior that violates our Community Guidelines.

Details: